Normal view
MARC view
Entry Personal Name
001 - CONTROL NUMBER
- control field: 50786
003 - CONTROL NUMBER IDENTIFIER
- control field: ARRUPE
005 - DATE AND TIME OF LATEST TRANSACTION
- control field: 20211028104142.0
008 - FIXED-LENGTH DATA ELEMENTS
- fixed length control field: 211028|| aca||aabn | a|a d
040 ## - CATALOGING SOURCE
- Original cataloging agency: ARRUPE
- Transcribing agency: ARRUPE
100 ## - HEADING--PERSONAL NAME
- Personal name: Hamann, Hilton
670 ## - SOURCE DATA FOUND
- Source citation: Work cat.: (ARRUPE)0: Hamann, Hilton., Days of the generals :, 2001.